[Event "AUTO-MASTER-3265"]
[Site "http://www.queenalice.com/game.php?id=1867327"]
[Date "2025.12.22"]
[Round "2"]
[White "josebaron"]
[Black "WoodpusherKid"]
[Result "0-1"]
[WhiteElo "2169"]
[BlackElo "2635"]

1. e4 e5 2. Nf3 Nc6 3. Bc4 Nf6 4. d3 Bc5 5. Bg5 d6 6. O-O h6 7. Bh4 Bg4 8. h3
Bxf3 9. Qxf3 g5 10. Bg3 h5 11. h4 Nd4 12. Qd1 Ng4 13. c3 gxh4 14. Bh2 h3 15.
gxh3 Nxh2 16. Kxh2 Ne6 17. Bxe6 fxe6 18. f4 Qh4 19. Qf3 O-O-O 0-1

[Event "AUTO-MASTER-3265"]
[Site "http://www.queenalice.com/game.php?id=1867328"]
[Date "2025.12.22"]
[Round "2"]
[White "WoodpusherKid"]
[Black "josebaron"]
[Result "1-0"]
[WhiteElo "2634"]
[BlackElo "2170"]

1. Nf3 d5 2. d4 Nf6 3. c4 dxc4 4. e3 Bg4 5. Bxc4 e6 6. O-O Be7 7. Nc3 O-O 8. g3
Nd5 9. Be2 Nxc3 10. bxc3 Nc6 11. Rb1 Na5 12. e4 c6 13. Be3 b6 14. h4 h6 15. Kg2
f5 16. Ne5 Bxe2 17. Qxe2 fxe4 18. Qg4 Rf6 19. Qxe4 Bd6 20. Ng4 1-0